Acteurs dans des films Marvel #2 - Mort Subite - Statistiques

Statistiques générales
  • Ce quiz a été pris 338 fois
    290 depuis la dernière actualisation
  • Le résultat moyen est 8 sur 15
Answers on the Grid
Answers color-coded by a green-red scale on the quiz's grid according to % correct below.
Angelina Jolie
Omar Sy
Tobey Maguire
Michael B. Jordan
Lewis Pullman
David Harbour
Paul Rudd
Tom Holland
Zendaya
Benedict Cumberbatch
Vin Diesel
Natalie Portman
Stan Lee
Jude Law
Martin Freeman
Meryl Streep
Robert de Niro
Al Pacino
Clint Eastwood
Anne Hathaway
Denzel Washington
Adam Driver
Timothée Chalamet
Keanu Reeves
Daniel Radcliffe
Hugh Grant
Bryan Cranston
Michael J. Fox
Michael Jordan
Philippe Katerine
 
Statistiques - réponses
Réponse % Correct
Tom Holland
74%
Stan Lee
70%
Zendaya
70%
Benedict Cumberbatch
68%
Tobey Maguire
68%
Paul Rudd
67%
Natalie Portman
62%
Michael B. Jordan
60%
David Harbour
48%
Vin Diesel
47%
Angelina Jolie
45%
Omar Sy
31%
Lewis Pullman
30%
Jude Law
29%
Martin Freeman
25%
Aucun quiz correspondant
Distribution des résultats
% des personnes avec chaque résultat
Percentile par nombre de réponses
Votre historique - résultats
Vous n’avez pas pris ce quiz depuis la dernière actualisation